LDR 00904naa#a2200205#i#450# 001 RU\\bibl\121454 005 20260514135857.4 011 ## _a1994-4683 100 ## _a20230531b2023####ek#y0rusy0150####ca 102 ## _aRU 200 1# _aФУНКЦИОНАЛЬНОЕ РАЗВИТИЕ ДЫХАТЕЛЬНОЙ СИСТЕМЫ ПРИ ЗАНЯТИЯХ АРМСПОРТОМ _eЖурнальная статья 210 1# _aМосква _cНациональный государственный Университет физической культуры, спорта и здоровья им. П.Ф. Лесгафта _d2023 215 ## _a4 с. 608 ## _aЖурнальная статья _2local 675 ## _aСиловой спорт. 796.894 _z 700 #1 _aПучкова _gН Г 700 #1 _aМедведев _gИ Н 700 #1 _aКлещев _gВ В 700 #1 _aДоронцев _gА В 856 4# _auchzapiski.lesgaft.spb.ru _u